[Event "XXX Zalakaros Open"]
[Site "Zalakaros HUN"]
[Date "2011.05.26"]
[Round "7"]
[White "Fodor,T jr"]
[Black "Chernyshov,K"]
[Result "1/2-1/2"]
[WhiteElo "2450"]
[BlackElo "2564"]

1.c4 b6 2.d4 e6 3.Nc3 Bb7 4.e4 Bb4 5.f3 Nh6 6.Bd3 f5 7.Nh3 fxe4 8.Bg5 Be7
9.Bxe4 Bxe4 10.Nxe4 Nf7 11.Bxe7 Qxe7 12.O-O O-O 13.d5 Na6 14.Qd2 Nc5 15.Nhf2 Nxe4
16.Nxe4 Nd6 17.Nxd6 Qxd6 18.Rad1 e5 19.b3 Qc5+ 20.Qf2 d6 21.Qxc5 bxc5 22.Rfe1 a5
23.a4 Rab8 24.Rd3 g5 25.Re4 Kg7 26.Kf2 Kg6 27.Kg3 Rf4 28.Rxf4 gxf4+ 29.Kf2 Kf5
30.Rc3 h5 31.Rd3 h4 32.h3 e4 33.fxe4+ Kxe4 34.Rf3 Rb6 35.Ke2 Ra6 36.Kf2 c6
37.dxc6 Rxc6 38.Ke2 Rc8 39.Kf2 Rg8 40.Kf1 Rg5 41.Kf2 d5 42.cxd5 Rxd5 43.Rc3 Rd2+
44.Kf1 Kd5 45.Kg1 Rd4 46.Kf2 c4 47.bxc4+ Rxc4 48.Ra3 Ke4 49.Ra2 f3 50.gxf3+ Kf4
51.Kg2 Rb4 52.Kf2 Rb3 53.Rc2 Rxf3+ 54.Kg2 Re3 55.Rf2+ Ke5 56.Rc2 Kd5 57.Rf2 Rg3+
58.Kh2 Ke5 59.Rc2 Kd5 60.Rf2 Ke4 61.Rc2 Rd3 62.Rg2 Rf3 63.Rg5 Rf2+ 64.Kh1 Rf5
65.Rg4+ Kf3 66.Rxh4 Kg3 67.Rg4+ Kxh3 68.Rg1 Rf4 69.Ra1 Rf3 70.Kg1 Kg3 71.Ra2 Rb3
72.Kf1 Kf4 73.Ke1 Rh3 74.Kd1 Ke4 75.Rd2 Ra3 76.Kc1  1/2-1/2

[Event "30th NAO Open"]
[Site "Stillwater USA"]
[Date "2011.05.27"]
[Round "1.1"]
[White "Irwin,Philip R"]
[Black "Atalik,S"]
[Result "0-1"]
[WhiteElo "1896"]
[BlackElo "2616"]

1.c4 b6 2.Nc3 Bb7 3.e4 e5 4.g3 f5 5.Bg2 Nf6 6.d3 fxe4 7.dxe4 Bb4 8.Bg5 Bxc3+
9.bxc3 d6 10.Nh3 Nbd7 11.O-O O-O 12.f3 Ba6 13.Qe2 Qe8 14.Rfd1 Nc5 15.Nf2 Qh5
16.Be3 Nfd7 17.Ng4 Qf7 18.Bxc5 Bxc4 19.Qd2 Nxc5 20.Ne3 Rae8 21.Nxc4 Qxc4
22.Qd5+ Qxd5 23.exd5 g5 24.Re1 Rf6 25.Re3 Ref8 26.Rf1 Kg7 27.c4 h5 28.Rc3 Kh6
29.Re3 a6 30.Bh3 Rg6 31.Bg2 Kg7 32.Ree1 Rgf6 33.Re3 Kf7 34.Ree1 Ke7 35.Re3 Kd8
36.Ree1 Kc8 37.Re3 Kb7 38.Ree1 Rh6 39.Re3 h4 40.Ree1 Ka7 41.Re3 Rhh8 42.Ree1 b5
43.cxb5 h3 44.Bh1 axb5 45.Re3 Kb6 46.Kf2 Ra8 47.Re2 Ra3 48.Rd1 Rha8  0-1

[Event "3rd Orissa Open"]
[Site "Bhubaneswar IND"]
[Date "2011.05.31"]
[Round "5"]
[White "Gagare,Shar"]
[Black "Prasad,De"]
[Result "0-1"]
[WhiteElo "2212"]
[BlackElo "2357"]

1.c4 b6 2.Nc3 Bb7 3.d4 e6 4.a3 f5 5.d5 Nf6 6.g3 Bd6 7.Bg2 Na6 8.Nf3 Nc5 9.O-O O-O
10.Be3 Nce4 11.Nd4 Nxc3 12.bxc3 Qe7 13.Bg5 h6 14.Bxf6 Qxf6 15.e4 fxe4 16.Bxe4 exd5
17.cxd5 Rae8 18.Qc2 Bc5 19.Rad1 Kh8 20.f3 Qg5 21.f4 Qe7 22.Rfe1 Qd6 23.c4 Bxd4+
24.Rxd4 Qxa3 25.Kg2 Qc5 26.Qb2 Re7 27.Red1 Rfe8 28.Bf3 Re3 29.f5 Qe7 30.Rf4 Rf8
31.Qf2 a5 32.Kh3 d6 33.Rdd4 Re5 34.g4 Bc8 35.Kg2 Bd7 36.Qg3 a4 37.h4 a3 38.Rd2 Re3
39.Qh2 Kg8 40.h5 Qe5 41.Rf2 Ra8 42.f6 a2 43.fxg7 a1=Q 44.Be4 Qxg7 45.Bg6 Ra2
46.Qh4 Rxf2+ 47.Rxf2 Qad4 48.Qd8+ Re8 49.Bxe8 Qdxg4+ 50.Kf1 Qd1+  0-1

[Event "FSGM June"]
[Site "Budapest HUN"]
[Date "2011.06.04"]
[Round "1"]
[White "Gretarsson,Hj"]
[Black "Szablowski,P"]
[Result "0-1"]
[WhiteElo "2422"]
[BlackElo "2425"]

1.c4 b6 2.d4 e6 3.e4 Bb7 4.Bd3 Bb4+ 5.Bd2 Bxd2+ 6.Nxd2 Ne7 7.Ngf3 O-O 8.Qc2 d6
9.O-O Ng6 10.Rfe1 e5 11.d5 a5 12.g3 Na6 13.Qc3 Ne7 14.Nh4 c6 15.dxc6 Nxc6
16.Rad1 Nc5 17.Bb1 g6 18.Ndf3 Qc7 19.Qd2 Rfd8 20.b3 Ne6 21.Bd3 Ncd4 22.Re3 Rf8
23.Nxd4 Nxd4 24.Rf1 Qc5 25.f4 exf4 26.gxf4 Rae8 27.Rf2 f5 28.Qe1 fxe4 29.Bxe4 Rxe4
30.Rxe4 Qc6 31.Rd2 Qxe4 32.Qxe4 Bxe4 33.Rxd4 Rxf4 34.Rxd6 Rxh4 35.Rxb6 Bb1
36.a3 a4 37.bxa4 Bd3 38.c5 Rc4  0-1

[Event "e2e4 Gatwick Open"]
[Site "London ENG"]
[Date "2011.06.18"]
[Round "3"]
[White "Nettleton,Charlie B"]
[Black "Merry,Alan B"]
[Result "1/2-1/2"]
[WhiteElo "1834"]
[BlackElo "2023"]

1.c4 b6 2.Nc3 Bb7 3.d3 e5 4.e4 Nc6 5.Be3 Bc5 6.Qd2 d6 7.g3 Nge7 8.Bh3 Nd4
9.Bxd4 Bxd4 10.Nge2 Nc6 11.O-O Bc5 12.Kh1 h5 13.a3 h4 14.Bg4 Nd4 15.Nxd4 Bxd4
16.Ne2 Qf6 17.Nxd4 exd4 18.a4 a5 19.Kg1 Qg6 20.Qf4 f6 21.Rad1 Kf8 22.Rfe1 Re8
23.Rd2 Re5 24.Bf5 Qh5 25.Qg4 hxg3 26.fxg3 Qh6 27.Rde2 Bc6 28.b3 Be8 29.Qf4 Qh5
30.Qg4 Qf7 31.Qf4 Ke7 32.Rg2 Kd8 33.Qf2 c5 34.Re2 Kc7 35.Kf1 Qe7 36.Ke1 Bh5
37.g4 Be8 38.g5 fxg5 39.Qg3 g6 40.Bg4 Rf8 41.Ref2 Bc6 42.Rxf8 Qxf8 43.Rf2 Qg7
44.Kd2 Re7 45.Qf3 Qe5 46.h3 Be8 47.Qf6 Qxf6 48.Rxf6 Rf7 49.Rxf7+ Bxf7 50.Ke2 Kd8
51.Kf3 Ke7 52.Kg3 Kf6 53.Bf3 Ke5 54.Bg4 Be8 55.Kf3 Bc6 56.Bc8 Kf6 57.Bg4 Kg7
58.Be6 Be8 59.Kg3 Kh6 60.Bg4 Bf7 61.Bf3 g4 62.Bxg4 g5 63.Bf5 Bh5 64.Bg4 Bg6
65.Kf3 Kg7 66.Be6 Kf6 67.Bg4 Ke5 68.Bd7 Bh7 69.Bc8 Bg6 70.Bd7 Bf7 71.Bg4 Be8
72.Bc8 Bc6 73.Bf5 Be8 74.Bg4 Bc6 75.Bc8 Ba8 76.Bf5 Bb7 77.Kg4 Kf6  1/2-1/2

[Event "Voronezh Master Open"]
[Site "Voronezh RUS"]
[Date "2011.06.20"]
[Round "8.40"]
[White "Potapova,M"]
[Black "Duong,Thanh Binh"]
[Result "1/2-1/2"]
[WhiteElo "1852"]
[BlackElo "2088"]

1.c4 b6 2.g3 Bb7 3.Nf3 e6 4.Bg2 Nf6 5.O-O Nc6 6.a3 d5 7.b3 Be7 8.d3 O-O 9.Bb2 Qd7
10.Nbd2 Rad8 11.Qc2 Qc8 12.e4 dxe4 13.dxe4 Qa8 14.Rfe1 h6 15.b4 a5 16.Bc3 Nh7
17.b5 Nb8 18.Nd4 Bf6 19.N2f3 Ng5 20.Nxg5 Bxd4 21.Bxd4 Rxd4 22.Nf3 Rxe4 23.Red1 Rg4
24.Ne5 Bxg2 25.Nxg4 Bf3 26.Rd4 c5 27.Rf4 Nd7 28.Qd3 Bxg4 29.Qxd7 Bf3 30.Qd3 Bh5
31.Re1 Rd8 32.Qc3 Bg6 33.Qe5 Rd2 34.h4 h5 35.g4 hxg4 36.Rxg4 Qf3 37.Rg2 Rd4
38.Qg5 Qh3 39.f4 Qc3 40.Ree2 Rxc4 41.h5 Be4 42.h6 Bxg2 43.h7+ Kh8 44.Qd8+ Kxh7  1/2-1/2

[Event "49th National Challengers ch-IND"]
[Site "Aurangabad IND"]
[Date "2011.06.22"]
[Round "9"]
[White "Gagare,Shar"]
[Black "Palit,S"]
[Result "1-0"]
[WhiteElo "2212"]
[BlackElo "2372"]

1.c4 b6 2.Nc3 e6 3.e4 Bb7 4.Nge2 c5 5.g3 Nc6 6.Bg2 d6 7.O-O g6 8.d4 Bg7 9.d5 exd5
10.Nxd5 Nge7 11.Bg5 h6 12.Bf6 O-O 13.Qd2 Qd7 14.Bxg7 Kxg7 15.Qc3+ f6 16.Ne3 Rad8
17.Rad1 Bc8 18.h4 Qe8 19.Rd2 Be6 20.Rfd1 Nc8 21.f4 Kh7 22.Bf3 N6e7 23.f5 Bf7
24.Qxf6 Bxc4 25.Qc3 Bxe2 26.Rxe2 Nc6 27.fxg6+ Qxg6 28.Nf5 Ne5 29.Bg2 Qf6
30.Rf1 Ne7 31.Ne3 Qg6 32.Nf5 Nxf5 33.exf5 Qf6 34.Bd5 Rde8 35.Rf4 Re7 36.Be6 Nc6
37.Qxf6 Rxf6 38.g4 Rg7 39.Rg2 Nd4 40.Bd5 Kh8 41.Be4 d5 42.Bd3 Rf8 43.f6 Rc7
44.g5 Ne6 45.g6 Rd8 46.g7+ Nxg7 47.fxg7+ Rxg7 48.Rf6 Rxg2+ 49.Kxg2 c4 50.Rxh6+ Kg8
51.Bf5 d4 52.Rg6+ Kf7 53.Kf3 d3 54.Rg1 Kf6 55.Bg6 Rd4 56.h5 Rh4 57.Kg3 Rd4
58.Kf3 Rh4 59.Rg2 b5 60.Ke3 a5 61.Rf2+ Ke6 62.b3 Kd5 63.bxc4+ bxc4 64.Rf5+ Kc6
65.Rxa5 Rh3+ 66.Kd2 Rh2+ 67.Kc3 Rc2+ 68.Kd4 Rc1 69.Bxd3 cxd3 70.Kxd3 Rh1
71.Rg5 Rh2 72.a4 Rh4 73.a5 Kb7 74.Ke3 Ka6 75.Kf3 Ra4 76.Kg3 Ra3+ 77.Kg4 Ra4+
78.Kf5 Kxa5 79.Kg6+ Kb6 80.Rd5 Rc4 81.Rd6+ Kc7 82.Rd3 Kb7 83.Rh3 Rc6+ 84.Kg5 Rc5+
85.Kf4 Rc4+ 86.Ke5 Rc5+ 87.Kd4 Rc8 88.h6 Rh8 89.h7  1-0

[Event "19th Albena Open"]
[Site "Albena BUL"]
[Date "2011.06.27"]
[Round "3.38"]
[White "Sofranov,V"]
[Black "Taras,I"]
[Result "1/2-1/2"]
[WhiteElo "2053"]
[BlackElo "2267"]

1.c4 b6 2.Nc3 Bb7 3.Nf3 e6 4.e4 Bb4 5.d3 Bxc3+ 6.bxc3 d6 7.Be2 Nd7 8.Qa4 Nf6
9.O-O O-O 10.Ne1 d5 11.cxd5 exd5 12.f3 Re8 13.Bg5 Qe7 14.Nc2 dxe4 15.fxe4 Qc5+
16.Be3 Qxc3 17.Bd4 Qc6 18.Qb3 Qe6 19.Ne3 Qxb3 20.axb3 Ne5 21.Rf5 Nfd7 22.Bc3 c5
23.Rg5 f6 24.Rg3 Bc6 25.h4 Nf8 26.Rf1 Kh8 27.Nf5 g6 28.Nh6 Kg7 29.Nf5+ Kh8
30.Nh6 Nfd7 31.Bg4 Kg7 32.Bxd7 Bxd7 33.Nf5+ Bxf5 34.exf5 Rad8 35.fxg6 hxg6
36.h5 g5 37.Rf5 Rd5 38.Re3 Re6 39.g4 Kf7 40.Bxe5 Rexe5 41.Rfxe5 Rxe5 42.Rxe5 fxe5
43.Kf2 a5 44.Ke3 b5 45.Kd2 Kf6 46.Kc3 Ke6 47.Kc2 Kf7 48.Kc3 Kf6  1/2-1/2

[Event "Naantalin Open"]
[Site "Naantali FIN"]
[Date "2011.07.07"]
[Round "5"]
[White "Vierjoki,T"]
[Black "Paronen,P"]
[Result "1/2-1/2"]
[WhiteElo "1749"]
[BlackElo "2145"]

1.c4 b6 2.Nc3 Bb7 3.d4 e6 4.e4 Bb4 5.Bd3 Ne7 6.Nf3 O-O 7.O-O Bxc3 8.bxc3 d6
9.Re1 Nd7 10.Bc2 e5 11.Bg5 Qe8 12.Ba4 Bc6 13.Bc2 Ng6 14.Nh4 f6 15.Nxg6 Qxg6
16.Bd2 Rfe8 17.d5 Bb7 18.Re3 Bc8 19.Rg3 Qf7 20.Bh6 g6 21.h4 Nc5 22.Qd2 f5
23.exf5 Bxf5 24.Re1 Bxc2 25.Qxc2 e4 26.h5 Re5 27.hxg6 hxg6 28.Qe2 Kh7 29.Bg5 Kg7
30.Be3 Rf5 31.Qg4 Re8 32.Qh4 Nd3 33.Bd4+ Ne5 34.Rxe4 Rh8 35.Bxe5+ dxe5 36.Qg4 Rxf2
37.Qxg6+ Qxg6 38.Rxg6+ Kxg6 39.Kxf2 Kf5  1/2-1/2

[Event "Oberwart Open"]
[Site "Oberwart AUT"]
[Date "2011.07.10"]
[Round "2.13"]
[White "Titz,Hei"]
[Black "Bukal,V jr"]
[Result "0-1"]
[WhiteElo "2161"]
[BlackElo "2415"]

1.c4 b6 2.d4 e6 3.Nf3 Bb7 4.a3 f5 5.Nc3 Nf6 6.d5 Bd6 7.g3 Na6 8.Bg2 Nc5 9.Be3 O-O
10.O-O Nce4 11.Bd4 Nxc3 12.Bxc3 exd5 13.Nd4 Ne4 14.cxd5 Nxc3 15.bxc3 f4 16.Qd3 Qf6
17.a4 a5 18.Rac1 Rae8 19.Bf3 Qe5 20.c4 Bc5 21.Rfd1 Rf6 22.Kg2 Bc8 23.Nb3 d6
24.Nxc5 dxc5 25.g4 Bd7 26.Qc2 Qg5 27.h3 h5 28.h4 Qxh4 29.Rh1 Qg5 30.Rxh5 Qg6
31.Qxg6 Rxg6 32.Ra1 Kf7 33.Ra3 Kf6 34.e3 fxe3 35.fxe3 Bxg4 36.Rh4 Bf5+ 37.Kf2 Rh6
38.Rxh6+ gxh6 39.Ke2 Rg8 40.Ra1 Rg3 41.Kf2 Rh3 42.e4 Bd7 43.Kg2 Ke5 44.Re1 h5
45.Bd1 Bg4 46.Rf1 Rc3 47.Bxg4 hxg4 48.Rf7 Rxc4 49.Re7+ Kd6 50.Re6+ Kd7 51.Kg3 Rxa4
52.Kxg4 Rd4 53.Kf5 a4 54.Rh6 a3 55.Rh7+ Kc8 56.Rh8+ Kb7 57.Rh3 Ra4 58.Rh1 a2
59.Ra1 b5 60.e5 b4 61.e6 b3 62.e7 Ra8 63.Ke6 c4 64.d6 cxd6 65.Kd5 b2 66.Rxa2 b1=Q
67.Rxa8 Qd3+  0-1

[Event "XX Adolf Anderssen Memorial Open"]
[Site "Wroclaw POL"]
[Date "2011.07.11"]
[Round "5"]
[White "Hudziak,P"]
[Black "Swicarz,M"]
[Result "1/2-1/2"]
[WhiteElo "2207"]
[BlackElo "2286"]

1.c4 b6 2.Nc3 Bb7 3.Nf3 e6 4.g3 Bxf3 5.exf3 c5 6.d4 cxd4 7.Qxd4 Nc6 8.Qd2 Nf6
9.Bg2 Rc8 10.f4 Na5 11.b3 Bb4 12.Bb2 O-O 13.O-O d5 14.cxd5 Nxd5 15.Bxd5 exd5
16.Qd4 Bc5 17.Qxd5 Bd4 18.Qf3 Bxc3 19.Bxc3 Nc6 20.Rad1 Qc7 21.Qg4 f5 22.Qg5 Qe7
23.Qxe7 Nxe7 24.Rd7 Rxc3 25.Rxe7 Rf7 26.Re8+ Rf8 27.Re7  1/2-1/2

[Event "Oberwart Open"]
[Site "Oberwart AUT"]
[Date "2011.07.15"]
[Round "7"]
[White "Wagner,Stef AUT"]
[Black "Langwieser,A"]
[Result "1/2-1/2"]
[WhiteElo "2194"]
[BlackElo "1989"]

1.c4 b6 2.Nc3 e6 3.e4 Bb7 4.g3 c5 5.Bg2 d6 6.Nge2 Nc6 7.O-O g6 8.d3 Bg7 9.Be3 Nge7
10.Qd2 Ne5 11.h3 O-O 12.f4 N5c6 13.g4 f5 14.exf5 gxf5 15.d4 a6 16.d5 Na5
17.b3 exd5 18.cxd5 Bc8 19.g5 b5 20.Rad1 b4 21.Na4 Nb7 22.Ng3 Bd7 23.Nb2 Bb5
24.Nc4 Bc3 25.Qc2 Na5 26.Nxa5 Qxa5 27.Rf2 Rac8 28.Ne2 Bg7 29.Qb1  1/2-1/2

[Event "16th Balaguer Open"]
[Site "Balaguer ESP"]
[Date "2011.07.19"]
[Round "3"]
[White "Lazaro Porta,A"]
[Black "Arno Bendicho,X"]
[Result "1-0"]
[WhiteElo "1970"]
[BlackElo "1631"]

1.c4 b6 2.Nf3 Bb7 3.Qb3 d5 4.c5 Nc6 5.d4 g6 6.e3 Bg7 7.Bb5 e6 8.O-O Ne7 9.Bd2 O-O
10.Rc1 Rc8 11.a4 a6 12.Bd3 e5 13.dxe5 Nxe5 14.Nxe5 Bxe5 15.Bc3 d4 16.exd4 Bxd4
17.Rd1 Bd5 18.Qc2 Bxc5 19.Bxa6 Ra8 20.Bc4 c6 21.Bf6 Qc8 22.Bxe7 Bxe7 23.Bxd5 cxd5
24.Qxc8 Rfxc8 25.Nc3 Rc4 26.Nxd5 Bc5 27.b4 Bd4 28.Ra2 Rd8 29.Ne3 Rxb4 30.Rad2 Rxa4
31.Nc2 Bxf2+ 32.Kxf2 Rxd2+ 33.Rxd2 Kf8 34.Ke3 Ke7 35.Rd4 Ra8 36.Rb4 Rb8 37.Nd4 Kd6
38.Kd3 f5 39.Rb5 h5 40.h4 Rb7 41.Nf3 Kc6 42.Kc4 Rg7 43.Nd4+ Kb7 44.Ne6 Re7
45.Re5 Rd7 46.Nd4 Rc7+ 47.Kb5 Rd7 48.Nc6 Rd2 49.Re7+ Kc8 50.Re8+ Kd7 51.Rd8+  1-0

[Event "Czech Open G Rapid"]
[Site "Pardubice CZE"]
[Date "2011.07.21"]
[Round "6.13"]
[White "Talla,V"]
[Black "Chernyshov,K"]
[Result "1/2-1/2"]
[WhiteElo "2427"]
[BlackElo "2552"]

1.c4 b6 2.Nc3 Bb7 3.e4 e6 4.Nge2 Nf6 5.d3 c5 6.g3 d5 7.exd5 exd5 8.Bg2 Qd7
9.O-O d4 10.Ne4 Be7 11.Nxf6+ Bxf6 12.Nf4 Bxg2 13.Re1+ Be7 14.Kxg2 O-O 15.Nd5 Nc6
16.Bd2 Rae8 17.f4 Bd6 18.Qf3 f5 19.Rxe8 Rxe8 20.Re1 Rxe1 21.Bxe1 Ne7 22.b3 Kf8
23.Bd2 Qe6 24.Nxe7 Bxe7 25.Kf2 Qd7 26.h3 g6 27.g4 Kf7 28.g5 Kg7 29.h4 h5
30.Qa8 Kf7 31.a4 Bd8 32.Kf3 Ke6 33.Kf2 Ke7 34.Kf3 Kf7 35.Kf2 Be7 36.Kf3 a5  1/2-1/2

[Event "Czech Open G Rapid"]
[Site "Pardubice CZE"]
[Date "2011.07.21"]
[Round "9.11"]
[White "Gorovets,A"]
[Black "Totsky,L"]
[Result "1-0"]
[WhiteElo "2417"]
[BlackElo "2484"]

1.c4 b6 2.d4 e6 3.a3 Bb7 4.Nc3 f5 5.d5 g6 6.Nf3 Bg7 7.g3 Bxc3+ 8.bxc3 Nf6
9.Bg2 Na6 10.Bg5 Nc5 11.O-O Nce4 12.Qd4 Qe7 13.h4 O-O 14.Nd2 e5 15.Qd3 Nc5
16.Qc2 Kg7 17.Nb3 Nxb3 18.Qxb3 d6 19.c5 dxc5 20.c4 h6 21.Bc1 Qd6 22.Bb2 Kh7
23.Rae1 Rae8 24.Qc3 Rf7 25.Rd1 e4 26.Bh3 Bc8 27.e3 Nd7 28.f4 exf3 29.Rxf3 Ne5
30.Rf2 Ba6 31.e4 Nxc4 32.Rxf5 Qe7 33.Rxf7+ Qxf7 34.Be6 Qe7 35.Rf1 Nd6 36.Rf7+  1-0

[Event "Landon Brownell Memorial"]
[Site "Los Angeles USA"]
[Date "2011.07.22"]
[Round "5"]
[White "Banawa,Joe"]
[Black "Clawitter,C"]
[Result "1-0"]
[WhiteElo "2374"]
[BlackElo "2118"]

1.c4 b6 2.Nc3 e6 3.e4 Bb7 4.Nf3 Bb4 5.Bd3 Nh6 6.a3 Be7 7.Bc2 f5 8.d4 fxe4
9.Ne5 Nf7 10.Nxf7 Kxf7 11.Nxe4 Bf6 12.Qf3 Nc6 13.Be3 Qe7 14.O-O-O Ke8 15.g4 h6
16.h4 Bxh4 17.g5 hxg5 18.Nxg5 Na5 19.Be4 d5 20.cxd5 Bxd5 21.Bxd5 exd5 22.Rde1 Qf6
23.Qxd5 Qc6+ 24.Qxc6+ Nxc6 25.Nf3 g5 26.Bxg5+  1-0

[Event "4th Paleohora Open"]
[Site "Paleochora GRE"]
[Date "2011.07.22"]
[Round "4"]
[White "Skembris,S"]
[Black "Player,E"]
[Result "1-0"]
[WhiteElo "2475"]
[BlackElo "2214"]

1.c4 b6 2.Nc3 Bb7 3.e4 e6 4.Nf3 Bb4 5.Bd3 Ne7 6.O-O O-O 7.a3 Bxc3 8.dxc3 d6
9.Re1 Nd7 10.b3 e5 11.Nh4 Bc8 12.g3 Nc5 13.Bc2 f5 14.Bg5 Nxe4 15.Rxe4 fxe4
16.Bxe4 Rb8 17.Qh5 h6 18.Bd5+ Kh7 19.Ng6 Rf5 20.Bxe7 Qe8 21.Nf8+ Qxf8 22.Be4 Qxe7
23.Bxf5+ Bxf5 24.Qxf5+ g6 25.Qe4 Qf7 26.Rf1 Qd7 27.f4 Rf8 28.fxe5 Rxf1+ 29.Kxf1 dxe5
30.Qxe5 Qd1+ 31.Kf2 Qc2+ 32.Kf3 Qd3+ 33.Kf4 Qf1+ 34.Ke4 Qh1+ 35.Kf4 Qf1+
36.Kg4 Qd1+ 37.Kh4 Qd8+ 38.Kh3 Qd7+ 39.Kg2 Qd2+ 40.Kf3 Qd3+ 41.Kf2 Qc2+ 42.Kf1 Qd3+
43.Kg2 Qd2+ 44.Kh3 Qd7+ 45.g4 Qd3+ 46.Kg2 Qd2+ 47.Kf3 Qd3+ 48.Qe3 Qd6 49.h4 Qd1+
50.Kg3 Qxb3 51.Qe7+ Kg8 52.Qd8+ Kf7 53.Qxc7+ Kf6 54.Qd6+ Kf7 55.Qd5+ Kf8
56.Qd4 Kf7 57.g5 hxg5 58.hxg5 Qb1 59.Qd7+ Kf8 60.Qd2 Qg1+ 61.Kf4 Qf1+ 62.Ke3 Qh3+
63.Kf4 Qf1+ 64.Ke5 Qf5+ 65.Kd6 Qc5+ 66.Kd7 Qe7+ 67.Kc8 Qxa3 68.Qd8+ Kg7 69.Qf6+ Kh7
70.Kb7 Qa4 71.Qf7+ Kh8 72.Qf8+ Kh7 73.Qh6+ Kg8 74.Qxg6+ Kf8 75.Qf6+ Kg8 76.Qe6+ Kg7
77.g6 Qa2 78.Qf7+ Kh6 79.g7 Qg2+ 80.Kxa7 Qa2+ 81.Kb8 Qh2+ 82.Kc8 Qh3+ 83.Kc7 Qh2+
84.Kc6 Qg2+ 85.Qd5 Qxg7 86.Qh1+  1-0

[Event "15th Godesburg Open"]
[Site "Bad Godesberg GER"]
[Date "2011.07.24"]
[Round "2.11"]
[White "Jordans,R"]
[Black "Koenig,Ch"]
[Result "1/2-1/2"]
[WhiteElo "1872"]
[BlackElo "2125"]

1.c4 b6 2.Nf3 Bb7 3.g3 Bxf3 4.exf3 c5 5.Bg2 Nc6 6.O-O g6 7.Nc3 Nh6 8.Re1 Nf5
9.d3 Bg7 10.Bg5 h6 11.Bd2 O-O 12.f4 e6 13.Rb1 Nfd4 14.a3 a5 15.Nb5 d5 16.Bc3 a4
17.Nxd4 cxd4 18.Bd2 Qd7 19.cxd5 exd5 20.Qf3 Rfd8 21.b4 Na7 22.h4 Nb5 23.Ra1 Rac8
24.Kh2 Rc2 25.Red1 Nc3 26.Bxc3 dxc3 27.d4 Re8 28.Bf1 Qc6 29.Kg2 Rd2 30.Rac1 Rxd1
31.Qxd1 Rc8 32.b5 Qf6 33.Qxa4 Qxd4 34.Qxd4 Bxd4 35.Bd3 Ra8 36.f5 Kg7 37.fxg6 fxg6
38.Rc2 Rxa3 39.g4 Bf6 40.Kg3 Rb3 41.f4 g5 42.hxg5 hxg5 43.Kf3 Rb2 44.fxg5  1/2-1/2

[Event "6th Edmonton International"]
[Site "Edmonton CAN"]
[Date "2011.08.01"]
[Round "9"]
[White "Valencia,B"]
[Black "Gardner,R"]
[Result "1-0"]
[WhiteElo "2204"]
[BlackElo "2188"]

1.c4 b6 2.Nc3 Bb7 3.e4 e6 4.a3 Ne7 5.d4 d5 6.cxd5 exd5 7.e5 c5 8.Nf3 Nbc6
9.Bg5 Qd7 10.dxc5 bxc5 11.Nb5 Ng6 12.Qxd5 Qxd5 13.Nc7+ Kd7 14.Nxd5 Ngxe5
15.Nxe5+ Nxe5 16.O-O-O Bd6 17.Be2 f6 18.Be3 Rad8 19.f4 Ng6 20.Bg4+ Ke8 21.Rhe1 Kf7
22.g3 Rhe8 23.Nc3 Bc6 24.Be2 Kf8 25.Rxd6 Rxd6 26.Bxc5 Rd8 27.Rd1 Ke7 28.Rxd6 Rxd6
29.Nb5 Bxb5 30.Bxb5 Nf8 31.f5 g6 32.fxg6 hxg6 33.Kc2 Ne6 34.Bxd6+ Kxd6 35.Kd3 Ke5
36.b4 g5 37.Bd7 Nd4 38.h4 gxh4 39.gxh4 Nf3 40.h5 Kd6 41.Ke3 Ne5 42.Bf5 Nf7
43.Kd4 Nh6 44.Be4 f5 45.Bd5 Ng4 46.a4 f4 47.Bf3 Ne5 48.Ke4 Ke6 49.b5 Nc4
50.Kxf4 Nb2 51.a5 Nc4 52.a6  1-0

[Event "9th Davos Open"]
[Site "Davos SUI"]
[Date "2011.08.08"]
[Round "2.8"]
[White "Tiller,B"]
[Black "Frank,Alb"]
[Result "1/2-1/2"]
[WhiteElo "2361"]
[BlackElo "1920"]

1.c4 b6 2.d4 e6 3.e4 Bb7 4.f3 Bxe4 5.fxe4 Qh4+ 6.Ke2 Qxe4+ 7.Be3 f5 8.Nc3 Qc6
9.Qd3 Nf6 10.d5 Qb7 11.g3 Na6 12.Bg2 Bc5 13.Nf3 O-O 14.Bxc5 Nxc5 15.Qd4 exd5
16.Nxd5 Rae8+ 17.Kf1 c6 18.Nxf6+ Rxf6 19.Re1 Re4 20.Qd2 Qa6 21.b3 d5 22.Ng5 Rxe1+
23.Kxe1 h6 24.Bxd5+ Kh8 25.Bf7 Qc8 26.h4 Qc7 27.Qe3 Ne4 28.Qf4 Rxf7 29.Nxf7+ Qxf7
30.Rf1 Qe7 31.Kd1 Qb4  1/2-1/2

[Event "XX TCh-MKD"]
[Site "Struga MKD"]
[Date "2011.08.08"]
[Round "1"]
[White "Damljanovic,B"]
[Black "Chatalbashev,B"]
[Result "1-0"]
[WhiteElo "2611"]
[BlackElo "2596"]

1.c4 b6 2.Nc3 Bb7 3.e4 e5 4.Nf3 Nf6 5.d3 Nc6 6.Be2 Bc5 7.O-O d6 8.a3 a5 9.Rb1 h6
10.Bd2 O-O 11.Nb5 Nd7 12.b4 axb4 13.axb4 Bd4 14.Qb3 Re8 15.Rbe1 Rb8 16.h3 Nf8
17.Nfxd4 Nxd4 18.Nxd4 exd4 19.f4 c5 20.Bg4 Bc8 21.Bf3 Bd7 22.b5 Ng6 23.Ra1 Qh4
24.Be1 Qf6 25.Bg3 Bc8 26.Ra7 Rf8 27.Qd1 Nxf4 28.Bg4 g5 29.Bxf4 gxf4 30.Bxc8 Rbxc8
31.Qg4+ Qg6 32.Rxf4 Qxg4 33.Rxg4+ Kh7 34.Rf4 Ra8 35.Rfxf7+ Kg6 36.Rxf8 Rxa7
37.Rb8 Kg5 38.Rxb6 Ra3 39.Rxd6 Rxd3 40.Rd5+ Kf4 41.Rxc5 Rb3 42.e5 d3 43.Kh2 Kf5
44.Rd5 h5 45.e6+  1-0

[Event "7th Gazi-Heraklion Open"]
[Site "Heraklion GER"]
[Date "2011.08.10"]
[Round "6"]
[White "Tsilidis,A"]
[Black "Kalogeris,I"]
[Result "1/2-1/2"]
[WhiteElo "2278"]
[BlackElo "1824"]

1.c4 b6 2.Nc3 e6 3.d4 Bb7 4.e4 Bb4 5.Bd3 Ne7 6.Ne2 O-O 7.a3 Bxc3+ 8.Nxc3 f5
9.exf5 Nxf5 10.d5 exd5 11.cxd5 Qe7+ 12.Be2 Na6 13.O-O Nc5 14.Bf4 d6 15.Bg4 Rae8
16.b4 Ne4 17.Re1 Nxc3 18.Rxe7 Nxd1 19.Rxe8 Rxe8 20.Rxd1 g6 21.f3 Ba6 22.Bxf5 gxf5
23.a4 Kf7 24.b5 Bb7 25.Kf2 a6 26.Rc1 Re7 27.Bg5 Rd7 28.Rd1 Kg6 29.h4 h6 30.Bf4 Re7
31.Rd4 h5 32.Bg5 Re8 33.Rd2 axb5 34.axb5 Ra8 35.Rc2 Rc8 36.Bf4 Kf6 37.Ke3 Bxd5
38.Bxd6 Re8+ 39.Kd4 cxd6 40.Kxd5 Re5+ 41.Kxd6 Rxb5 42.Rc6 Kf7 43.f4 Rb2 44.g3 Rb3
45.Ke5 Rb5+ 46.Kd4 Rb4+ 47.Kc3 Re4 48.Rxb6 Re3+ 49.Kd4 Rxg3 50.Ke5 Rg4 51.Kxf5 Rxh4
52.Rb7+ Kf8 53.Ke5 Rg4 54.f5 Ra4 55.Rh7 Ra6 56.Rxh5  1/2-1/2

[Event "Metalmex Open"]
[Site "Liberec CZE"]
[Date "2011.08.16"]
[Round "4.21"]
[White "Purkyt,Jaroslav"]
[Black "Sroubova,Lenka"]
[Result "1-0"]
[WhiteElo "1788"]
[BlackElo "1804"]

1.c4 b6 2.Nf3 Bb7 3.e3 Nf6 4.Be2 e6 5.b3 Be7 6.Bb2 O-O 7.d3 d5 8.Nbd2 c5
9.O-O Nc6 10.d4 cxd4 11.exd4 Rc8 12.Re1 Qc7 13.Bf1 Rfd8 14.Qe2 Ba6 15.Rac1 Qb8
16.h3 Bd6 17.Ne5 dxc4 18.bxc4 Bxe5 19.dxe5 Nd7 20.Nf3 Na5 21.Qe4 Nc5 22.Qf4 h6
23.Nd4 Na4 24.Ba3 Nc5 25.Nb5 Nab7 26.Re3 Rd7 27.Rg3 Kh7 28.Bxc5 Nxc5 29.Nd6 Rf8
30.Re1 Nb7 31.Qg4 Rg8 32.Bd3+ Kh8 33.Qe4 g6 34.Qf4 Kg7 35.Qf6+ Kf8  1-0

[Event "Trade Fair Open A"]
[Site "Brno CZE"]
[Date "2011.08.22"]
[Round "3"]
[White "Zikan,K"]
[Black "Blahynka,M"]
[Result "0-1"]
[WhiteElo "1808"]
[BlackElo "2096"]

1.c4 b6 2.Nf3 Bb7 3.e3 e6 4.g3 Nf6 5.Bg2 Be7 6.O-O O-O 7.Nc3 c5 8.b3 Nc6
9.Bb2 d5 10.cxd5 exd5 11.d4 Qd7 12.Ne5 Qe6 13.Nxc6 Bxc6 14.Rc1 Rfd8 15.Qd3 Rac8
16.Rfd1 Ne4 17.Ne2 f5 18.Nf4 Qd7 19.Qb1 Bb7 20.Nd3 Bf6 21.dxc5 Bxb2 22.Qxb2 bxc5
23.Bxe4 dxe4 24.Nxc5 Qxd1+ 25.Rxd1 Rxd1+ 26.Kg2 Rxc5 27.Qa3 Rdc1 28.Qxa7 Bd5
29.b4 Rc8 30.a4 Bc4 31.h4 h6 32.g4 f4 33.Qb7 Bf1+ 34.Kh2 fxe3 35.fxe3 R1c2+
36.Kg3 Rf8 37.Qxe4 Rg2+  0-1

[Event "Brasschaat Open"]
[Site "Brasschaat BEL"]
[Date "2011.08.24"]
[Round "5.5"]
[White "Dal Borgo,A"]
[Black "Rogiers,J"]
[Result "1-0"]
[WhiteElo "2179"]
[BlackElo "2107"]

1.c4 b6 2.Nf3 Bb7 3.g3 Bxf3 4.exf3 c5 5.d4 Nc6 6.d5 Nd4 7.Be3 Nf5 8.Bh3 Nxe3
9.fxe3 g6 10.Nc3 Bg7 11.Qd2 Nf6 12.O-O O-O 13.e4 Ne8 14.f4 Bd4+ 15.Kh1 Nd6
16.Qe2 e5 17.dxe6 dxe6 18.Rac1 a6 19.e5 Nf5 20.Ne4 h5 21.Bxf5 exf5 22.Nf6+ Kg7
23.b3 Ra7 24.h3 Qa8+ 25.Kh2 Qc6 26.Rcd1 Rd8 27.Rd3 b5 28.Rdd1 Rb7 29.Rc1 b4
30.Nd5 a5 31.g4 hxg4 32.hxg4 Rh8+ 33.Kg3 fxg4 34.Qxg4 Qe6 35.Rh1 Rbb8 36.Qxe6 fxe6
37.Nc7 Kf7 38.Kg4 Ke7 39.Nb5 Rbd8 40.Rcd1 Be3 41.Na7 Rxd1 42.Rxd1 Rh2 43.Nc6+ Kf7
44.Rd7+ Kf8 45.Kg5 Bxf4+ 46.Kxf4 Rxa2 47.Kg5 a4 48.bxa4 b3 49.Kxg6 Rg2+ 50.Kf6 Rf2+
51.Kxe6 b2 52.Rb7  1-0

[Event "10th Sunny Beach Open"]
[Site "Sunny Beach BUL"]
[Date "2011.08.28"]
[Round "2.10"]
[White "Spiridonov,Niko1"]
[Black "Bratanov,Z"]
[Result "1/2-1/2"]
[WhiteElo "2242"]
[BlackElo "2457"]

1.c4 b6 2.Nf3 Bb7 3.e3 g6 4.d4 Bg7 5.Nc3 Nf6 6.Bd3 d5 7.O-O O-O 8.Qe2 Nbd7
9.cxd5 Nxd5 10.Nxd5 Bxd5 11.e4 Bb7 12.Rd1 c5 13.Bb5 Qc7 14.Bxd7 Qxd7 15.dxc5 Qc6
16.cxb6 axb6 17.e5 Qe6 18.Be3 Bxf3 19.Qxf3 Bxe5 20.Qe2 b5 21.a3 Rfb8 22.h3 h5
23.Kf1 Ra4 24.Bc5 Rc4 25.Rac1 Rc8 26.Be3 Qf5 27.b3 Rxc1 28.Rxc1 Rxc1+ 29.Bxc1 Bd4
30.Qd2 e5 31.b4 Qb1 32.f3 Qb3 33.Ke2  1/2-1/2

[Event "Yuzhny Open"]
[Site "Yuzhny UKR"]
[Date "2011.09.05"]
[Round "5.8"]
[White "Solovyev,A"]
[Black "Voronov,Y"]
[Result "1/2-1/2"]
[WhiteElo "2193"]
[BlackElo "2294"]

1.c4 b6 2.e4 Bb7 3.Nc3 e6 4.g3 Bb4 5.Nge2 f5 6.Bg2 Nf6 7.d3 fxe4 8.O-O O-O
9.dxe4 a5 10.h3 Na6 11.e5 Bxg2 12.Kxg2 Ne8 13.a3 Be7 14.Nd4 Nc5 15.Be3 Qc8
16.Qc2 Qb7+ 17.Kh2 a4 18.Rad1 Qa6 19.Qe2 Rf7 20.f4 Qb7 21.h4 g6 22.Rd2 Ng7
23.Rfd1 c6 24.Nf3 Ra7 25.Bxc5 Bxc5 26.Ne4 Nh5 27.Nfg5 Rf8 28.Nxc5 bxc5 29.Ne4 Qb3
30.Rxd7 Rxd7 31.Rxd7 Nxg3 32.Nxg3 Rxf4 33.Ne4 Rxh4+ 34.Kg1 Qh3 35.Nf2 Qg3+
36.Kf1 Rh2 37.Rb7 Qg2+ 38.Ke1 Qg1+ 39.Qf1 Qg3 40.Qe2 Qg1+ 41.Qf1 Qg3 42.Rd7 Qxe5+
43.Qe2 Qf5 44.Rd3 Rg2 45.Qf3 Rg1+ 46.Kd2 Qxf3 47.Rxf3 Kg7 48.Ne4 h5 49.Nxc5 Rg2+
50.Ke1 Rxb2 51.Nxa4 Rc2 52.Rc3 Ra2 53.Nc5 Kf6 54.Re3 g5 55.Nd7+ Kf5 56.Nb8 Rc2
57.Nxc6 Rxc4 58.Ne7+ Kf6 59.Ng8+ Kf5 60.Nh6+ Kf4 61.Rxe6 Ra4 62.Rf6+ Ke4
63.Rf5 Ra6 64.Rxg5 Rxh6 65.Kf2  1/2-1/2